Los portuarios indeseables : organización, ideología y prácticas culturales de la sección chilena de la IWW 1919-1926

Entre 1919 y 1951, en ciudades como Santiago, Valparaíso o Concepción, dentro del territorio chileno, funcionó la organización sindicalista libertaria llamada Industrial Workers of the World, Trabajadores Industriales del Mundo, también conocida como la IWW o los Wobblies. Sin embargo, para nuestra...

Descripción completa

Detalles Bibliográficos
Autor principal: Casanga Vásquez, Francisco
Otros Autores: Araya Gómez, Rodrigo (profesor guía)
Formato: Tesis
Lenguaje:español
Publicado: Santiago, Chile : Universidad Academia de Humanismo Cristiano, 2022.
Materias:
Acceso en línea:Disponible en línea (PDF). Biblioteca Digital UAHC

MARC

LEADER 00000nmm a22000007a 4500
001 044823
003 UAHC_CL
005 20230523130549.0
008 230113s2022 cl o d 000 spa
040 |a UAHC_CL  |c UAHC_CL  |d UAHC_CL 
100 |a Casanga Vásquez, Francisco   |9 16898 
245 1 4 |a Los portuarios indeseables :  |b organización, ideología y prácticas culturales de la sección chilena de la IWW 1919-1926  |c Francisco Casanga Vásquez ; profesor guía Rodrigo Araya Gómez. 
260 |a Santiago, Chile :  |b Universidad Academia de Humanismo Cristiano,  |c 2022. 
300 |a 103 páginas. 
500 |a Tesis para optar al grado académico de Licenciado/a en Historia. 
502 |a Tesis (Licenciatura en Historia) -- Universidad Academia de Humanismo Cristiano, 2022. 
516 |a Tesis electrónica (PDF). Solicita envío del documento a biblioteca@academia.cl.  
520 |a Entre 1919 y 1951, en ciudades como Santiago, Valparaíso o Concepción, dentro del territorio chileno, funcionó la organización sindicalista libertaria llamada Industrial Workers of the World, Trabajadores Industriales del Mundo, también conocida como la IWW o los Wobblies. Sin embargo, para nuestra investigación nos centraremos en el período que transcurre entre 1919 y 1926, ya que durante este ciclo podemos apreciar el auge de la central chilena y donde presentó la mayor influencia y cantidad de afiliados, más de 6000 en 1921, entre los distintos sindicatos que componían a la IWW.  
610 0 |9 16919  |a Industrial Workers of the World 
650 0 |a Sindicalismo   |9 3616  |z Chile  |x Historia 
650 0 |a Ideología  |9 1121 
700 |a Araya Gómez, Rodrigo  |e profesor guía   |9 3442 
856 |u http://bibliotecadigital.academia.cl/xmlui/handle/123456789/6571  |y Disponible en línea (PDF). Biblioteca Digital UAHC 
900 |a TLHIS 245 
942 |c TS 
952 |0 0  |1 0  |4 0  |6 TLHIS_245_000000000000000  |7 0  |9 97582  |a BC  |b BC  |c Digital  |d 2023-01-13  |o TLHIS 245  |r 2023-01-13 00:00:00  |w 2023-01-13  |y TS  |z Documento en PDF  |B LHIS 
999 |c 60138  |d 60138